000
00323nam a2200145Ia 4500
100
_a
Frankland/ J.W.
650
_a
Fitter
942
_c
BK
654
_a
Pipe fitters
245
_a
Pipe fitters & pipe welders Handbook
260
_b
Bailey Bros
_a
Chicago
_c
1973
082
_a
671.024
300
_a
175
546
_a
ENGLISH
999
_c
32808
_d
32808